[Event "Baku Open 2013"]
[Site "Baku AZE"]
[Date "2013.09.23"]
[Round "5.2"]
[White "Alekseev, Evgeny"]
[Black "Korneev, Oleg"]
[Result "1-0"]
[WhiteTitle "GM"]
[BlackTitle "GM"]
[WhiteElo "2710"]
[BlackElo "2621"]
[WhiteFideId "4138147"]
[BlackFideId "4156803"]
[EventDate "2013.09.19"]

1. e4 e5 2. Nf3 Nc6 3. Bb5 Nf6 4. d3 Bc5 5. c3 O-O 6. O-O d6 7. Nbd2 Bb6 8. Nc4
Ne7 9. Ba4 Ng6 10. h3 h6 11. Bb3 Be6 12. a4 Bxc4 13. Bxc4 a5 14. Bb3 c6 15. Nh2
d5 16. Qf3 Qd6 17. Ng4 Nxg4 18. hxg4 Rad8 19. g5 f5 20. exd5 cxd5 21. gxh6 f4
22. d4 exd4 23. Qg4 d3 24. Bd2 Qf6 25. Rae1 Qf5 26. Qxf5 Rxf5 27. Re6 Rf6 28.
Rxf6 gxf6 29. Re1 Rd6 30. Ba2 Kh7 31. Bb1 d4 32. c4 Kxh6 33. Bxd3 Kg5 34. g3 f5
35. Rc1 Bc5 36. Bxa5 Ne5 37. Rd1 Kg4 38. b4 Ra6 39. Bc7 Nf3+ 40. Kg2 Rh6 41.
Bxf5+ Kxf5 42. Kxf3 Bxb4 43. g4+ Ke6 44. Bxf4 Rh3+ 45. Kg2 Ra3 46. Rxd4 Bc5 47.
Re4+ Kf6 48. Be5+ Kg5 49. Bf4+ Kf6 50. Be3 Bxe3 51. Rxe3 Rxa4 52. Kg3 Rxc4 53.
Rb3 Rc7 54. f4 Ke6 55. f5+ Kf6 56. Rb6+ Kg7 57. Kh4 Kh7 58. Kh5 Kg7 59. g5 Rd7
60. g6 Rd5 61. Rxb7+ Kg8 62. Kh6 1-0

[Event "Baku Open 2013"]
[Site "Baku AZE"]
[Date "2013.09.23"]
[Round "5.7"]
[White "Rasulov, Vugar"]
[Black "Mchedlishvili, Mikheil"]
[Result "1/2-1/2"]
[WhiteTitle "GM"]
[BlackTitle "GM"]
[WhiteElo "2488"]
[BlackElo "2633"]
[WhiteFideId "13402390"]
[BlackFideId "13600966"]
[EventDate "2013.09.19"]

1. b3 e5 2. Bb2 d6 3. g3 g6 4. Bg2 Bg7 5. c4 Ne7 6. e3 O-O 7. Ne2 d5 8. cxd5
Nxd5 9. O-O Nc6 10. a3 Be6 11. Qc2 Qd7 12. Rd1 f5 13. Nbc3 Rad8 14. Na4 Qf7 15.
Nc5 Bc8 16. f4 Rd6 17. Nc3 Nxc3 18. Bxc3 e4 19. Bf1 Kh8 20. b4 Bxc3 21. Qxc3+
Qg7 22. Kf2 Rfd8 23. Ke1 Ne7 24. Rac1 Qxc3 25. Rxc3 Nd5 26. Rcc1 c6 27. Nb3 Kg7
28. Na5 Kf6 29. Nc4 R6d7 30. Ne5 Rd6 31. Bc4 Nb6 32. b5 cxb5 33. Bxb5 Be6 34.
Rc7 Nd5 35. Rcc1 Ne7 36. Bc4 1/2-1/2

[Event "Baku Open 2013"]
[Site "Baku AZE"]
[Date "2013.09.23"]
[Round "5.8"]
[White "Izzat, Kanan"]
[Black "Smirnov, Pavel"]
[Result "0-1"]
[WhiteTitle "FM"]
[BlackTitle "GM"]
[WhiteElo "2347"]
[BlackElo "2627"]
[WhiteFideId "13405209"]
[BlackFideId "4123425"]
[EventDate "2013.09.19"]

1. d4 Nf6 2. Nf3 d5 3. g3 Bf5 4. Bg2 c6 5. O-O h6 6. c4 e6 7. Nc3 Nbd7 8. Qb3
Qb6 9. c5 Qa6 10. Bf4 Be7 11. Rfc1 b6 12. cxb6 axb6 13. a4 O-O 14. h3 Rfc8 15.
g4 Bg6 16. Nd2 c5 17. Nb5 Qa5 18. Qa3 Bf8 19. Nb3 Qa6 20. Bd6 Qxb5 21. Bxf8 Qxe2
22. Re1 Qd3 23. Bd6 Ne4 24. Re3 Qa6 25. Bxe4 Bxe4 26. dxc5 bxc5 27. Bxc5 f5 28.
Bd6 Rc4 29. Nd2 Rd4 30. Nb3 Rxa4 31. Qxa4 Qxa4 32. Rxa4 Rxa4 33. Rc3 fxg4 34.
hxg4 d4 35. Rc8+ Kh7 36. Rc7 Nf6 37. Be5 Kg6 38. f4 Nxg4 39. Rxg7+ Kh5 40. Kf1
Bd5 41. Nc5 Rc4 42. Nd7 d3 43. Ke1 Rc2 44. Bc3 Re2+ 45. Kf1 Bg2+ 46. Kg1 d2 0-1

[Event "Baku Open 2013"]
[Site "Baku AZE"]
[Date "2013.09.23"]
[Round "5.12"]
[White "Azarov, Sergei"]
[Black "Maghalashvili, Davit"]
[Result "1/2-1/2"]
[WhiteTitle "GM"]
[BlackTitle "IM"]
[WhiteElo "2636"]
[BlackElo "2502"]
[WhiteFideId "13501470"]
[BlackFideId "13602276"]
[EventDate "2013.09.19"]

1. e4 c6 2. d4 d5 3. f3 Qb6 4. c3 e5 5. Qe2 exd4 6. exd5+ Kd8 7. cxd4 Nf6 8. Nc3
Bb4 9. Qd3 Re8+ 10. Ne2 cxd5 11. Bf4 Bd6 12. Bxd6 Qxd6 13. Qd2 Nc6 14. Kf2 Ke7
15. Qf4 Be6 16. Qxd6+ Kxd6 17. Rd1 h5 18. h4 Bf5 19. Ng3 Bg6 20. Bb5 Rac8 21.
Rd2 a6 22. Bxc6 Rxc6 23. Nd1 Rc1 24. Ne3 Rxh1 25. Nxh1 Ng8 26. Ng3 Ne7 27. Rd1
Rc8 28. Ke1 f6 29. Kd2 Kd7 30. Ne2 Bf7 31. a3 1/2-1/2

[Event "Baku Open 2013"]
[Site "Baku AZE"]
[Date "2013.09.23"]
[Round "5.15"]
[White "Shimanov, Aleksandr"]
[Black "Kuderinov, Kirill"]
[Result "1-0"]
[WhiteTitle "GM"]
[BlackTitle "IM"]
[WhiteElo "2655"]
[BlackElo "2480"]
[WhiteFideId "4198603"]
[BlackFideId "13701568"]
[EventDate "2013.09.19"]

1. d4 d5 2. c4 c6 3. cxd5 cxd5 4. Bf4 Nf6 5. Nc3 e6 6. e3 Bd6 7. Bg3 Nc6 8. Bd3
e5 9. dxe5 Nxe5 10. Bb5+ Bd7 11. Bxd7+ Qxd7 12. Nge2 O-O 13. Bh4 Qf5 14. O-O
Rad8 15. Ng3 Qe6 16. Bxf6 Qxf6 17. Qxd5 Ng4 18. Qf3 Qe6 19. Rfd1 Be5 20. h3 Nf6
21. Nge2 Qb6 22. b3 Qa5 23. e4 b5 24. Rac1 b4 25. Na4 Rxd1+ 26. Rxd1 Rd8 27. Rc1
Qc7 28. g3 Qd7 29. Kg2 g6 30. Rc5 Qe7 31. Qe3 Bd6 32. Rc4 Re8 33. f3 h5 34. Qg5
Qe6 35. Nd4 Qe7 36. Nc6 Qe6 37. Nd4 Qe7 38. Nc6 Qe6 39. Nxb4 Bxb4 40. Rxb4 Qd6
41. Rc4 Qd3 42. Kf2 Rd8 43. Nc3 Kg7 44. Ne2 Qd7 45. Rd4 Qc8 46. Rxd8 Qxd8 47.
Qe5 1-0

[Event "Baku Open 2013"]
[Site "Baku AZE"]
[Date "2013.09.23"]
[Round "5.18"]
[White "Khalafova, Narmin"]
[Black "Durarbayli, Vasif"]
[Result "1-0"]
[WhiteTitle "WFM"]
[BlackTitle "GM"]
[WhiteElo "2131"]
[BlackElo "2567"]
[WhiteFideId "13402625"]
[BlackFideId "13402935"]
[EventDate "2013.09.19"]

1. e4 c5 2. Nf3 d6 3. d4 cxd4 4. Nxd4 Nf6 5. Nc3 Nc6 6. h3 g6 7. g4 Bg7 8. Be3
O-O 9. Bg2 Bd7 10. Qd2 Rc8 11. O-O a6 12. Rad1 b5 13. Nxc6 Bxc6 14. Nd5 Bxd5 15.
exd5 Nd7 16. c3 Ne5 17. Qe2 Qa5 18. a3 Rfe8 19. Rfe1 Qa4 20. Rd4 Rc4 21. f4 Rxd4
22. Bxd4 Nc4 23. Bxg7 Kxg7 24. Qf2 Qb3 25. Re2 Qd1+ 26. Kh2 h6 27. Re1 Qd3 28.
Be4 Qd2 29. Qxd2 Nxd2 30. Re2 Nc4 31. Bg2 g5 32. Kg3 Kf8 33. h4 gxf4+ 34. Kxf4
Rc8 35. g5 hxg5+ 36. Kxg5 Ne5 37. h5 Rc4 38. Be4 Kg8 39. h6 Kh8 40. h7 Kg7 41.
Rh2 Rc8 42. Rg2 Rf8 43. Kh5+ Kh8 44. Bf5 a5 45. Rg1 Nc4 46. Re1 Ne5 47. Rg1 Re8
48. Rf1 Rb8 49. Rf4 Rf8 50. Kh6 Re8 51. a4 Rb8 52. b4 bxa4 53. bxa5 Rb2 54. Bg4
Rg2 55. a6 Nxg4+ 56. Rxg4 Rxg4 57. a7 Rg6+ 58. Kh5 Kxh7 59. a8=Q Rh6+ 60. Kg4
Rg6+ 61. Kf3 e6 62. c4 Rf6+ 63. Ke3 exd5 64. cxd5 Rh6 65. Qxa4 1-0

[Event "Baku Open 2013"]
[Site "Baku AZE"]
[Date "2013.09.23"]
[Round "5.19"]
[White "Shanava, Konstantine"]
[Black "Boruchovsky, Avital"]
[Result "1-0"]
[WhiteTitle "GM"]
[BlackTitle "IM"]
[WhiteElo "2567"]
[BlackElo "2461"]
[WhiteFideId "13601784"]
[BlackFideId "2800055"]
[EventDate "2013.09.19"]

1. e4 e5 2. Nc3 Nf6 3. f4 d5 4. fxe5 Nxe4 5. Nf3 c5 6. Qe2 Nxc3 7. dxc3 Be7 8.
Bf4 Nc6 9. O-O-O Be6 10. h4 h6 11. g3 Qa5 12. a3 O-O-O 13. Bh3 Rd7 14. Bxe6 fxe6
15. Qd3 Qd8 16. Qg6 Qg8 17. c4 d4 18. Nd2 Nd8 19. h5 Qh7 20. Qg4 Rf8 21. Rhe1
Rf5 22. Nf3 Qh8 23. Rd2 Qe8 24. Rh1 Qf7 25. Ne1 Nc6 26. Nd3 Qf8 27. Kb1 Bd8 28.
Qg6 Qe7 29. g4 Rf8 30. Rf2 b6 31. g5 Rf5 32. gxh6 gxh6 33. Qxh6 Qf7 34. Rg2 Bc7
35. Rg6 Bxe5 36. Bxe5 Nxe5 37. Nxe5 1-0

[Event "Baku Open 2013"]
[Site "Baku AZE"]
[Date "2013.09.23"]
[Round "5.21"]
[White "Nigalidze, Gaioz"]
[Black "Babayev, Talib"]
[Result "1-0"]
[WhiteTitle "IM"]
[BlackTitle "IM"]
[WhiteElo "2508"]
[BlackElo "2397"]
[WhiteFideId "13603078"]
[BlackFideId "13401432"]
[EventDate "2013.09.19"]

1. d4 Nf6 2. Nf3 g6 3. Nc3 d6 4. e4 Bg7 5. Be3 O-O 6. Qd2 Ng4 7. Bg5 h6 8. Bh4
g5 9. Bg3 e5 10. dxe5 Nxe5 11. Nxe5 dxe5 12. Qxd8 Rxd8 13. Nd5 Rd7 14. O-O-O Kf8
15. Be2 c6 16. Ne3 Rxd1+ 17. Rxd1 Ke7 18. Nc4 Nd7 19. Bg4 h5 20. Bxd7 Bxd7 21.
Bxe5 Be6 22. Bd6+ Ke8 23. Na5 Bc8 24. e5 c5 25. Bc7 Bg4 26. f3 Rc8 27. Bd6 Bd7
28. Nxb7 Bc6 29. Nxc5 g4 30. fxg4 Bh6+ 31. Kb1 hxg4 32. Rd4 f5 33. exf6 Be3 34.
Rxg4 Kf7 35. Be7 Bd5 36. Rg7+ Ke8 37. Rh7 Bxc5 38. Rh8+ Kd7 39. Rxc8 Bxe7 40.
fxe7 1-0

[Event "Baku Open 2013"]
[Site "Baku AZE"]
[Date "2013.09.23"]
[Round "5.22"]
[White "Abasov, Nijat"]
[Black "Abdulov, Orkhan"]
[Result "1-0"]
[WhiteTitle "GM"]
[BlackTitle "IM"]
[WhiteElo "2492"]
[BlackElo "2356"]
[WhiteFideId "13402960"]
[BlackFideId "13402714"]
[EventDate "2013.09.19"]

1. d4 d5 2. Nf3 Nf6 3. c4 e6 4. g3 dxc4 5. Bg2 Nc6 6. Qa4 Bd7 7. Qxc4 Be7 8. O-O
O-O 9. Rd1 Qc8 10. a3 Rd8 11. Qc2 b5 12. e4 Be8 13. e5 Nd5 14. Nbd2 Qa6 15. Ne4
h6 16. g4 b4 17. g5 h5 18. Nf6+ gxf6 19. gxf6 Nxf6 20. exf6 Bxf6 21. Bg5 Nxd4
22. Nxd4 Bxg5 23. Bxa8 Rxa8 24. Qe4 Rd8 25. Qg2 f6 26. h4 Rd5 27. Nf3 Bc6 28.
Rxd5 Bxd5 29. hxg5 f5 30. Qh3 Qe2 31. Re1 Qxf3 32. Qxf3 Bxf3 33. Rxe6 bxa3 34.
bxa3 c5 35. Re5 c4 36. Rxf5 Be4 37. Rc5 Bd3 38. Rc7 a6 39. Kh2 Kf8 40. Kg3 Ke8
41. Kh4 Kd8 42. Rc5 Kd7 43. g6 Bxg6 44. Rxc4 1-0

[Event "Baku Open 2013"]
[Site "Baku AZE"]
[Date "2013.09.23"]
[Round "5.25"]
[White "Aliakbarov, Anar"]
[Black "Kanter, Eduard"]
[Result "1-0"]
[BlackTitle "IM"]
[WhiteElo "2232"]
[BlackElo "2417"]
[WhiteFideId "13401858"]
[BlackFideId "4103963"]
[EventDate "2013.09.19"]

1. c4 Nf6 2. Nc3 d5 3. d4 g6 4. Nf3 Bg7 5. Qb3 dxc4 6. Qxc4 O-O 7. e4 Na6 8. Be2
c5 9. d5 e6 10. O-O exd5 11. exd5 Bf5 12. Rd1 Qb6 13. Nh4 Bd7 14. Be3 Rfe8 15.
h3 Rac8 16. Rac1 Qb4 17. Nf3 Ne4 18. Nxe4 Rxe4 19. Qc2 Ree8 20. Bxa6 bxa6 21.
Bxc5 Qb5 22. b4 Bh6 23. Qb2 Re2 24. Qf6 Bg7 25. Qf4 Qb7 26. Ng5 Ba4 27. Rd3 Rce8
28. Be3 Be5 29. Qh4 h5 30. Nf3 Bg7 31. d6 Qb8 32. d7 Rd8 33. Rc8 1-0

[Event "Baku Open 2013"]
[Site "Baku AZE"]
[Date "2013.09.23"]
[Round "5.28"]
[White "Sevdimaliyev, Urfan"]
[Black "Guliev, Sarhan"]
[Result "1/2-1/2"]
[WhiteTitle "FM"]
[BlackTitle "GM"]
[WhiteElo "2226"]
[BlackElo "2460"]
[WhiteFideId "13402463"]
[BlackFideId "13400231"]
[EventDate "2013.09.19"]

1. e4 e5 2. Nf3 Nc6 3. Bb5 a6 4. Bxc6 dxc6 5. O-O f6 6. d4 exd4 7. Nxd4 c5 8.
Ne2 Qxd1 9. Rxd1 Bd7 10. Nbc3 Bd6 11. Bf4 Bxf4 12. Nxf4 Ne7 13. Ncd5 Nxd5 14.
Rxd5 b6 15. Rad1 O-O-O 16. Nh5 Rhe8 17. Nxg7 Rxe4 18. f3 Re2 19. R1d2 Rxd2 20.
Rxd2 a5 21. Kf2 a4 22. g4 a3 23. bxa3 Rf8 24. Re2 Rf7 25. Nf5 Bb5 26. Re7 Bc4
27. Rxf7 Bxf7 28. Kg3 Bxa2 29. Kh4 Bf7 30. g5 fxg5+ 31. Kxg5 Kb7 32. f4 Ka6 33.
Kf6 Bh5 34. Ne3 Kb5 35. Ke6 Ka4 36. Kd7 Kxa3 37. Kxc7 b5 38. Kc6 Kb4 39. f5 Bf7
40. f6 c4 41. Nd1 c3 42. Ne3 Be8+ 43. Kd6 Ka3 44. Ke7 Bh5 45. f7 Bxf7 46. Kxf7
Kb2 47. Ke6 b4 48. Kd5 b3 49. cxb3 Kxb3 50. Ke5 c2 51. Nxc2 Kxc2 52. Kf6 Kd3 53.
h4 h5 54. Kg5 Ke4 55. Kxh5 Kf5 1/2-1/2

[Event "Baku Open 2013"]
[Site "Baku AZE"]
[Date "2013.09.23"]
[Round "5.32"]
[White "Mammadova, Gulnar"]
[Black "Bayramov, Vugar"]
[Result "1-0"]
[WhiteTitle "WGM"]
[WhiteElo "2349"]
[BlackElo "2245"]
[WhiteFideId "13403508"]
[BlackFideId "13400916"]
[EventDate "2013.09.19"]

1. e4 e5 2. Nf3 d6 3. d4 Nd7 4. Nc3 Ngf6 5. Bc4 Be7 6. O-O O-O 7. Re1 c6 8. a4
a5 9. h3 h6 10. Ba2 Re8 11. Be3 Qc7 12. Nh4 Nf8 13. Qf3 Be6 14. dxe5 dxe5 15.
Nf5 Bxf5 16. exf5 Bb4 17. Qg3 Kh8 18. Qh4 N8h7 19. Qc4 Kg8 20. Rad1 Rad8 21. Rf1
Rf8 22. Ne4 Nxe4 23. Qxe4 Nf6 24. Qc4 Rd7 25. c3 Be7 26. Bc1 Qc8 27. Rde1 Qc7
28. Re3 Nh5 29. Qg4 Nf6 30. Qc4 Nh5 31. Qe2 Nf4 32. Qc2 Bf6 33. Kh2 Rfd8 34. Re4
Nd3 35. Be3 Bg5 36. Rg4 Bf6 37. Bxh6 Nf4 38. Bxg7 Bxg7 39. f6 Nh5 40. Rxg7+ Nxg7
41. Qg6 1-0

[Event "Baku Open 2013"]
[Site "Baku AZE"]
[Date "2013.09.23"]
[Round "5.34"]
[White "Abdulla, Khayala"]
[Black "Mamedjarova, Zeinab"]
[Result "1-0"]
[WhiteTitle "WIM"]
[BlackTitle "WGM"]
[WhiteElo "2249"]
[BlackElo "2268"]
[WhiteFideId "13401807"]
[BlackFideId "13401521"]
[EventDate "2013.09.19"]

1. e4 e5 2. Nf3 d6 3. d4 exd4 4. Qxd4 Nf6 5. Nc3 Be7 6. Bg5 O-O 7. O-O-O Nbd7 8.
h4 c6 9. e5 dxe5 10. Nxe5 Nb6 11. Qe3 Nfd5 12. Qg3 Qc7 13. Nxd5 Nxd5 14. Bxe7
Qxe7 15. Bc4 Be6 16. Rhe1 Rad8 17. Ng4 Qb4 18. Bxd5 cxd5 19. Nf6+ Kh8 20. Nh5
Qg4 21. Nf4 Qxg3 22. fxg3 Rd6 23. Rd4 b5 24. Red1 a5 25. c3 Rfd8 26. a4 bxa4 27.
Rxa4 Ra6 28. Rdd4 h6 29. c4 Rc6 30. Kd2 Rc5 31. Nd3 Rcc8 32. c5 Ra8 33. Ra1 Bf5
34. Rda4 Rab8 35. Rxa5 Bxd3 36. Kxd3 Rxb2 37. Ra8 Rb3+ 38. Kc2 Rbb8 39. Rxb8
Rxb8 40. Rb1 Ra8 41. Kc3 g5 42. hxg5 hxg5 43. Kd4 Kg7 44. c6 Kf6 45. Kxd5 Kf5
46. c7 Kg4 47. Rb3 f5 48. Kd6 1-0

[Event "Baku Open 2013"]
[Site "Baku AZE"]
[Date "2013.09.24"]
[Round "6.1"]
[White "Mamedov, Nidjat"]
[Black "Alekseev, Evgeny"]
[Result "1/2-1/2"]
[WhiteTitle "GM"]
[BlackTitle "GM"]
[WhiteElo "2609"]
[BlackElo "2710"]
[WhiteFideId "13400819"]
[BlackFideId "4138147"]
[EventDate "2013.09.19"]

1. e4 e5 2. Nf3 Nc6 3. Bb5 Nf6 4. O-O Nxe4 5. d4 Nd6 6. Bxc6 dxc6 7. dxe5 Nf5 8.
Qxd8+ Kxd8 9. h3 Ke8 10. Nc3 h5 11. Bg5 Be6 12. Rfd1 Be7 13. Rd2 Rd8 14. Rad1
Rxd2 15. Rxd2 h4 16. Ne2 Bd5 17. Bxe7 Kxe7 18. Nfd4 Nxd4 19. Nxd4 g6 20. b3 Rd8
21. f3 c5 22. Ne2 Be6 23. Rxd8 Kxd8 24. c4 a6 25. Kf2 Kd7 26. Nc3 Kc6 27. Ke3 b5
28. Kd3 bxc4+ 29. bxc4 Bf5+ 30. Kd2 Be6 31. Kd3 Bf5+ 32. Kd2 1/2-1/2

[Event "Baku Open 2013"]
[Site "Baku AZE"]
[Date "2013.09.24"]
[Round "6.5"]
[White "Mamedov, Rauf"]
[Black "Efimenko, Zahar"]
[Result "1/2-1/2"]
[WhiteTitle "GM"]
[BlackTitle "GM"]
[WhiteElo "2641"]
[BlackElo "2661"]
[WhiteFideId "13401653"]
[BlackFideId "14107201"]
[EventDate "2013.09.19"]

1. e4 e5 2. Nf3 Nc6 3. Bb5 a6 4. Ba4 Nf6 5. O-O Be7 6. d3 b5 7. Bb3 d6 8. a4 Bd7
9. Nc3 Rb8 10. axb5 axb5 11. Nd5 Nxd5 12. Bxd5 Nb4 13. Bb3 c5 14. Bd2 Nc6 15.
Bd5 O-O 16. c3 b4 17. Be3 Qc7 18. d4 bxc3 19. bxc3 exd4 20. cxd4 1/2-1/2

[Event "Baku Open 2013"]
[Site "Baku AZE"]
[Date "2013.09.24"]
[Round "6.6"]
[White "Mchedlishvili, Mikheil"]
[Black "Iordachescu, Viorel"]
[Result "1/2-1/2"]
[WhiteTitle "GM"]
[BlackTitle "GM"]
[WhiteElo "2633"]
[BlackElo "2609"]
[WhiteFideId "13600966"]
[BlackFideId "13900200"]
[EventDate "2013.09.19"]

1. d4 Nf6 2. c4 e6 3. g3 c5 4. d5 d6 5. Nc3 exd5 6. cxd5 g6 7. Bg2 Bg7 8. Nf3
O-O 9. O-O Re8 10. Bf4 Na6 11. Re1 Bg4 12. h3 Bxf3 13. Bxf3 Nd7 14. e4 Ne5 15.
Be2 Nc7 16. Kg2 Rb8 17. a4 a6 18. Qc2 b5 19. axb5 axb5 20. b3 Rb7 21. Rab1 b4
22. Na4 1/2-1/2

[Event "Baku Open 2013"]
[Site "Baku AZE"]
[Date "2013.09.24"]
[Round "6.8"]
[White "Rasulov, Vugar"]
[Black "Khismatullin, Denis"]
[Result "1/2-1/2"]
[WhiteTitle "GM"]
[BlackTitle "GM"]
[WhiteElo "2488"]
[BlackElo "2661"]
[WhiteFideId "13402390"]
[BlackFideId "4142578"]
[EventDate "2013.09.19"]

1. e4 c5 2. Nf3 d6 3. d4 cxd4 4. Nxd4 Nf6 5. Nc3 a6 6. Bg5 Nbd7 7. Qe2 h6 8. Bh4
b5 9. f4 g5 10. fxg5 hxg5 11. Bxg5 Bb7 12. O-O-O e6 13. a3 Rc8 14. Qe1 Rxc3 15.
bxc3 Qc7 16. Bd3 Qc5 17. h4 Qxa3+ 18. Kb1 Bg7 19. Rf1 Qc5 20. Nb3 Qc7 21. Nd4
Ng4 22. Qg3 Qxc3 23. Qxd6 Bf8 24. Nxb5 axb5 25. Qb8+ Bc8 26. Bxb5 1/2-1/2

[Event "Baku Open 2013"]
[Site "Baku AZE"]
[Date "2013.09.24"]
[Round "6.9"]
[White "Sutovsky, Emil"]
[Black "Artemiev, Vladislav"]
[Result "0-1"]
[WhiteTitle "GM"]
[BlackTitle "IM"]
[WhiteElo "2660"]
[BlackElo "2560"]
[WhiteFideId "2802007"]
[BlackFideId "24101605"]
[EventDate "2013.09.19"]

1. e4 c5 2. Nf3 d6 3. d4 cxd4 4. Nxd4 Nf6 5. Nc3 a6 6. h3 Nc6 7. g4 Qb6 8. Nb3
e6 9. g5 Nd7 10. h4 Qc7 11. h5 b5 12. Rh3 Bb7 13. g6 Nf6 14. Be3 hxg6 15. hxg6
Rxh3 16. Bxh3 Ne5 17. gxf7+ Qxf7 18. Nd4 Nxe4 19. Bxe6 Qg6 20. Nxe4 Bxe4 21. Qe2
Qg1+ 22. Qf1 Qg6 23. Qe2 Qg1+ 24. Qf1 Qg6 25. a4 Bxc2 26. Nxc2 Qxe6 27. Nd4 Qc4
28. axb5 Qb4+ 29. Kd1 Qxb2 30. Rc1 axb5 31. Qh3 Qa2 32. Rc8+ Rxc8 33. Qxc8+ Kf7
34. Qb7+ Kg8 35. Qxb5 Qf7 36. Ke2 d5 37. Qb8 Nc4 38. Qc8 Qh5+ 39. Ke1 Nd6 40.
Qe6+ Kh7 41. Kf1 Ne4 42. Kg2 Bc5 43. Qh3 Qxh3+ 44. Kxh3 Kg6 45. Kg4 Nf6+ 46. Kf4
Bd6+ 47. Kf3 Be5 48. Ne6 Kf7 49. Nf4 d4 50. Nd3 Ke6 51. Bg5 Nd5 52. Kg4 Bd6 53.
Bd2 Nf6+ 54. Kf3 Kd5 55. Ke2 Kc4 56. Nb2+ Kb3 57. Nd3 Ne4 58. Ba5 Nc3+ 59. Kd2
Nd5 60. Ke2 Nc3+ 61. Kd2 Na4 62. Ke2 Be7 63. Bc7 Nc3+ 64. Kd2 Bg5+ 65. f4 Bf6
66. Ba5 Kc4 67. Nb2+ Kb5 68. Bc7 Kc6 69. Ba5 Nd5 70. Kd3 Nxf4+ 71. Ke4 Ne6 72.
Bb4 Nc5+ 73. Kf5 Kd5 74. Nd1 d3 75. Ne3+ Kd4 76. Ng4 Kc4 77. Be1 Bc3 78. Ne5+
Bxe5 79. Kxe5 g5 80. Kf5 Ne6 81. Ke4 g4 82. Ba5 Nd4 83. Kf4 Ne2+ 84. Ke3 g3 0-1

[Event "Baku Open 2013"]
[Site "Baku AZE"]
[Date "2013.09.24"]
[Round "6.10"]
[White "Nigalidze, Gaioz"]
[Black "Shimanov, Aleksandr"]
[Result "0-1"]
[WhiteTitle "IM"]
[BlackTitle "GM"]
[WhiteElo "2508"]
[BlackElo "2655"]
[WhiteFideId "13603078"]
[BlackFideId "4198603"]
[EventDate "2013.09.19"]

1. d4 Nf6 2. Nf3 g6 3. Nc3 d5 4. Bf4 Bg7 5. e3 O-O 6. Be2 c5 7. Ne5 Nc6 8. O-O
Be6 9. dxc5 Qa5 10. Nb5 Ne4 11. Nxc6 bxc6 12. Nc7 Bxb2 13. Nxa8 Rxa8 14. Rb1
Qxa2 15. Ba6 Nxc5 16. Qe2 Bf6 17. Bd3 Nxd3 18. Qxd3 Bf5 19. Qe2 a5 20. e4 Bxe4
21. Bh6 Qc4 22. Qe3 Qd4 23. Qb3 Qa7 24. Qa4 Qc5 25. Rb7 Bxc2 26. Qf4 Qd6 27.
Qxd6 exd6 28. Rc1 Ba4 29. Rcb1 Bb5 30. Re1 Be5 31. f4 Bd4+ 32. Kh1 a4 33. Rbe7
c5 34. Rb7 Bc3 35. Rb1 a3 36. R1xb5 f5 37. Rb8+ Rxb8 38. Rxb8+ Kf7 39. Ra8 Bb2
40. Bg5 c4 41. Ra7+ Ke8 42. Bh4 c3 43. Ra8+ Kd7 44. Ra7+ Kc6 45. Be1 d4 46. Kg1
c2 47. Bd2 d3 48. Ra4 Kd5 49. Kf2 c1=Q 50. Bxc1 Bxc1 51. Ke1 Kc5 52. Kd1 Kb5 53.
Ra7 Bb2 54. Kd2 Kc4 55. Rc7+ Kd4 56. Ra7 Bc3+ 57. Kd1 Bb4 58. Rxh7 Kc3 59. Ra7
Kb2 0-1

[Event "Baku Open 2013"]
[Site "Baku AZE"]
[Date "2013.09.24"]
[Round "6.11"]
[White "Ghaem Maghami, Ehsan"]
[Black "Azarov, Sergei"]
[Result "1/2-1/2"]
[WhiteTitle "GM"]
[BlackTitle "GM"]
[WhiteElo "2549"]
[BlackElo "2636"]
[WhiteFideId "12500739"]
[BlackFideId "13501470"]
[EventDate "2013.09.19"]

1. Nf3 d5 2. d4 Nf6 3. c4 e6 4. Nc3 Be7 5. Bg5 h6 6. Bh4 O-O 7. e3 b6 8. Be2 Bb7
9. Bxf6 Bxf6 10. cxd5 exd5 11. Qb3 c6 12. O-O Re8 13. Rfe1 Na6 14. Rad1 Nc7 15.
Bd3 Ne6 16. Bb1 g6 17. a3 Qc7 18. h4 h5 19. Ba2 Rac8 20. Qc2 1/2-1/2

[Event "Baku Open 2013"]
[Site "Baku AZE"]
[Date "2013.09.24"]
[Round "6.12"]
[White "Korneev, Oleg"]
[Black "Abasov, Nijat"]
[Result "1-0"]
[WhiteTitle "GM"]
[BlackTitle "GM"]
[WhiteElo "2621"]
[BlackElo "2492"]
[WhiteFideId "4156803"]
[BlackFideId "13402960"]
[EventDate "2013.09.19"]

1. e4 c5 2. Nf3 Nc6 3. d4 cxd4 4. Nxd4 Qb6 5. Nb3 Nf6 6. Nc3 e6 7. Qe2 Bb4 8.
Bd2 O-O 9. a3 Be7 10. O-O-O d5 11. e5 Nd7 12. f4 a6 13. Qh5 Qc7 14. Bd3 g6 15.
Qh6 Re8 16. Ne2 b5 17. Kb1 Rb8 18. h4 Qd8 19. Ned4 Nxd4 20. Nxd4 Bf8 21. Qg5
Qxg5 22. hxg5 Bc5 23. Nf3 b4 24. Bxb4 Bxb4 25. axb4 Rxb4 26. Rh4 Nc5 27. Rdh1
Kf8 28. c3 Rb6 29. Bc2 a5 30. Rxh7 Ba6 31. Rh8+ Ke7 32. Rxe8+ Kxe8 33. Rh8+ Ke7
34. Ra8 a4 35. Kc1 Bc4 36. Bxa4 Nd3+ 37. Kd2 Rxb2+ 38. Ke3 1-0

[Event "Baku Open 2013"]
[Site "Baku AZE"]
[Date "2013.09.24"]
[Round "6.13"]
[White "Guseinov, Gadir"]
[Black "Anurag, Mhamal"]
[Result "1/2-1/2"]
[WhiteTitle "GM"]
[BlackTitle "FM"]
[WhiteElo "2616"]
[BlackElo "2426"]
[WhiteFideId "13401378"]
[BlackFideId "5024366"]
[EventDate "2013.09.19"]

1. e4 e5 2. Nf3 Nc6 3. Bb5 a6 4. Bxc6 dxc6 5. O-O Bg4 6. h3 h5 7. d3 Qf6 8. Be3
Bxf3 9. Qxf3 Qxf3 10. gxf3 Bd6 11. Nd2 Ne7 12. Rfb1 c5 13. Kf1 Nc6 14. c3 Nd8
15. a3 Ne6 16. b4 cxb4 17. axb4 O-O 18. Ke2 c6 19. Nb3 Rad8 20. Ra2 Rd7 21. Rd2
f5 22. exf5 Rxf5 23. Ra2 Rdf7 24. Nd2 Be7 25. Rg1 Ng5 26. Bxg5 Bxg5 27. Ne4 Bh4
28. Ra5 Rf8 29. Nd2 Bg5 30. Nc4 Bd8 31. Rxe5 Rxf3 32. Rg2 Rxh3 33. Re6 h4 34.
Nd6 Rh1 35. Reg6 Bf6 36. Ne4 Be5 37. R2g5 Re8 38. c4 Rb1 39. Rh5 Rxb4 40. Rxh4
a5 41. f4 Bd4 42. f5 a4 43. Rhg4 a3 44. f6 Bxf6 45. Rxf6 a2 46. Rf1 Rb1 47. Rgg1
a1=Q 48. Rxb1 Qd4 49. Rg4 b6 50. Rf4 Qe5 51. Rh4 b5 52. cxb5 cxb5 53. Rbh1 g6
54. Rg1 Re6 55. Rc1 Qb2+ 56. Kd1 Re7 57. Rc8+ Kg7 58. Rhh8 b4 59. Rhg8+ 1/2-1/2